| Tag |
First Indicator |
Second Indicator |
Subfields |
| LEADER |
00000cam a2200000Mu 4500 |
| 001 |
in00002782095 |
| 006 |
m d |
| 007 |
cr nn|---||||| |
| 008 |
120723s2012 enka ob 001 0 eng d |
| 005 |
20250816204350.2 |
| 020 |
|
|
|a 9781447140115 (electronic)
|
| 020 |
|
|
|a 1447140117 (electronic)
|
| 020 |
|
|
|z 9781447140108
|
| 020 |
|
|
|z 1447140109
|
| 035 |
|
|
|a (OCoLC)ocn801366161
|
| 035 |
|
|
|a (OCoLC)801366161
|
| 040 |
|
|
|a EBLCP
|b eng
|c EBLCP
|d OCLCQ
|d TXA
|d UtOrBLW
|
| 049 |
|
|
|a TXAM
|
| 050 |
|
4 |
|a R859.7.C67
|b R54 2012eb
|
| 100 |
1 |
|
|a Riener, Robert.
|
| 245 |
1 |
0 |
|a Virtual reality in medicine /
|c Robert Riener, Matthias Harders.
|
| 264 |
|
1 |
|a London ;
|a New York :
|b Springer,
|c [2012]
|
| 264 |
|
4 |
|c ©2012
|
| 300 |
|
|
|a 1 online resource (xii, 294 pages) :
|b illustrations
|
| 336 |
|
|
|a text
|b txt
|2 rdacontent
|
| 337 |
|
|
|a computer
|b c
|2 rdamedia
|
| 338 |
|
|
|a online resource
|b cr
|2 rdacarrier
|
| 500 |
|
|
|a Description based upon print version of record.
|
| 504 |
|
|
|a Includes bibliographical references and index.
|
| 505 |
0 |
0 |
|t Introduction to Virtual Reality in Medicine --
|t Input Periphery --
|t Visual Aspects --
|t Haptic Aspects --
|t Auditory Aspects --
|t Olfactory and Gustatory Aspects --
|t Virtual Reality for Rehabilitation --
|t VR for Medical Training --
|t VR for Planning and Intraoperative Support --
|t Medical Model Generation --
|t Soft Tissue Deformation.
|
| 500 |
|
|
|a Electronic resource.
|
| 650 |
|
0 |
|a Virtual reality in medicine.
|
| 655 |
|
0 |
|a Electronic books.
|
| 700 |
1 |
|
|a Harders, Matthias.
|
| 776 |
0 |
8 |
|i Print version:
|a Riener, Robert
|t Virtual Reality in Medicine
|d Dordrecht : Springer,c2012
|z 9781447140108
|
| 856 |
4 |
0 |
|u https://ebookcentral.proquest.com/lib/tamucs/detail.action?docID=972441
|y Connect to the full text of this electronic book
|t 0
|
| 948 |
|
|
|a cataloged
|b h
|c 2012/10/2
|d c
|e agaffey
|f 2:36:31 pm
|
| 994 |
|
|
|a C0
|b TXA
|
| 999 |
f |
f |
|s 34c43f91-7168-372f-b567-9574a48a633f
|i 40f9c32c-84f9-304d-8157-4445d5329afb
|t 0
|
| 999 |
|
|
|a MARS
|
| 952 |
f |
f |
|a Texas A&M University
|b College Station
|c Electronic Resources
|d Available Online
|t 0
|e R859.7.C67 R54 2012eb
|h Library of Congress classification
|
| 998 |
f |
f |
|a R859.7.C67 R54 2012eb
|t 0
|l Available Online
|